| Поле | Инд. | ПП | Название | Значение |
|---|---|---|---|---|
| Тип записи | a | |||
| Библиографический уровень | m | |||
| 001 | Контрольный номер | e8c747f9-adc5-4d04-b435-87f772ee7f5e | ||
| 005 | Дата корректировки | 20121022155210.2 | ||
| 008 | Кодируемые данные | 000727 d | ||
| 020 | c | Цена, тираж | 1 500-00 | |
| 080 | a | Индекс УДК | 002.2(470)(091) | |
| 084 | a | Индекс другой классификации/Индекс ББК | Ч610.3(2) | |
| 090 | c | Каталожный индекс | Ч610.3(2) | |
| x | Авторский знак | Р89 | ||
| a | Полочн. индекс | Ч610.3(2) | ||
| 245 | 00 | a | Заглавие | Русская печать XIX-ХХ веков |
| b | Продолж. заглавия | Сб. ст. | ||
| c | Ответственность | [Сост. Л.И. Илларионова, В.И. Харламов] | ||
| 260 | 0_ | a | Место издания | Москва |
| b | Издательство | РГБ | ||
| c | Дата издания | 1994 | ||
| 300 | a | Объем | 106,[1] с | |
| 440 | a | Серия | Книга. Библиотека. Культура / Рос.гос.б-ка, Сектор кн.,библ.дела и библиогр. | |
| 504 | a | Библиография | Библиогр. в прим. в конце ст.-Имен.указ.:с.102-107 | |
| 650 | a | Основная рубрика | Печать | |
| x | Основная подрубрика | История | ||
| y | Хронологическая подрубрика | 19-20 вв. | ||
| z | Географическая подрубрика | Россия | ||
| 653 | a | Ключевые слова | История печати | |
| a | Ключевые слова | Печать | ||
| a | Ключевые слова | Русская печать | ||
| 852 | p | Инвентарный номер | 664778 | |
| 954 | a | Дата поступления на обработку | 25.01.96 | |
| 999 | a | Подразделение 2 | ОРК |